| 000 | 00896nam a2200325 a 4500 | ||
|---|---|---|---|
| 003 | AR-BaBNM | ||
| 005 | 20251128204509.0 | ||
| 008 | 082120s2002 ||||||||||||||000 | spa|| | ||
| 020 | _a950-40-0021-5 | ||
| 040 | _cAR-BaBNM | ||
| 100 | 1 | _aPommier, Gérard | |
| 245 | 0 | 0 |
_aLa excepción femenina ; _bEnsayo sobre los impases del goce |
| 260 |
_aBuenos Aires _bAlianza Editorial _c1986 |
||
| 300 | _a148 p. | ||
| 490 | 0 |
_aAlianza Estudio _vv. 2 |
|
| 500 | _aTraducción de Silvia Yabkowski | ||
| 650 | 4 | _aMUJERES | |
| 650 | 4 | _aMOVIMIENTO DE LIBERACION FEMENINA | |
| 650 | 4 | _aIGUALDAD DE DERECHOS DEL HOMBRE Y DE LA MUJER | |
| 650 | 4 | _aSEXO | |
| 650 | 4 | _aCOMPORTAMIENTO SEXUAL | |
| 650 | 4 | _aDISCRIMINACION SEXUAL | |
| 650 | 4 | _aAMOR | |
| 650 | 4 | _aTRASTORNOS EMOCIONALES | |
| 650 | 4 | _aNEUROSIS | |
| 650 | 4 | _aHISTERIA | |
| 650 | 4 | _aSUFRIMIENTO | |
| 942 | _cBK | ||
| 998 | _cCarmen | ||
| 999 |
_c7649 _d7649 |
||